Estructuras y sistemas económicos /
Guardado en:
| Autor Principal: | |
|---|---|
| Formato: | Libro |
| Idioma: | Spanish French |
| Publicado: |
Barcelona :
Ediciones Ariel,
1961.
|
| Materias: | |
| Etiquetas: |
Agregar Etiqueta
Sin Etiquetas, Sea el primero en etiquetar este registro!
|
| LEADER | 00854nam a22002175a 4500 | ||
|---|---|---|---|
| 001 | EEO.eeo003404 | ||
| 008 | 180711s1961####sp#####g#b####000#0#spa#d | ||
| 005 | 20180711113442.0 | ||
| 245 | 1 | 0 | |a Estructuras y sistemas económicos / |c André Marchal ; prólogo de José Luis Sampedro ; traducción por Jorge Soler Tura y Jorge Petit Fontseré. |
| 260 | |a Barcelona : |b Ediciones Ariel, |c 1961. | ||
| 300 | |a xxx, 514 p. ; |c 23 cm. | ||
| 500 | |a Traducción de: Systèmes et structures èconomiques. | ||
| 504 | |a Incluye referencias bibliográficas. | ||
| 100 | 1 | |a Marchal, André, |d 1907- | |
| 650 | 7 | |a Sistemas económicos. |2 Isoc | |
| 650 | 7 | |a Política económica. |2 Isoc | |
| 650 | 7 | |a Coyuntura económica. |2 Isoc | |
| 650 | 7 | |a Estructura económica. |2 Isoc | |
| 653 | |a Instituciones | ||
| 041 | 1 | |a spa |h fre | |
| 859 | |a AR-BaUEB |b BIB. ECONOMIA - General |h 330.1 |i M331 |p e06255 | ||
